Ανασκαφές Νάξου : το Νότιο νεκροταφείο της Νάξου κατά τη γεωμετρική περίοδο : έρευνες των ετών 1931 - 1939

Αποθηκεύτηκε σε:
Λεπτομέρειες βιβλιογραφικής εγγραφής
Κύριος συγγραφέας: Κούρου, Νότα
Μορφή: Βιβλίο
Γλώσσα:Greek
Δημοσίευση: Εν Αθήναις : Αρχαιολογική Εταιρεία, 1999
Σειρά:Βιβλιοθήκη της εν Αθήναις Αρχαιολογικής Εταιρείας ; ; 193
Θέματα:
Ετικέτες: Προσθήκη ετικέτας
Δεν υπάρχουν, Καταχωρήστε ετικέτα πρώτοι!

MARC

LEADER 00000nam a2200000 i 4500
001 1/54605
008 070912s1999 gre d
020 |a 978-960-7036-96-4 
035 |l 10090622 
040 |a GR-MY-UA  |b gre  |e aacr 
041 0 |a gre  |b eng 
082 0 |a 938.27  |2 (22) 
100 1 |a Κούρου, Νότα. 
245 1 0 |a Ανασκαφές Νάξου :  |b το Νότιο νεκροταφείο της Νάξου κατά τη γεωμετρική περίοδο : έρευνες των ετών 1931 - 1939 /  |c Νότας Κούρου 
260 |a Εν Αθήναις :   |b Αρχαιολογική Εταιρεία,   |c 1999 
300 |a ιγ', 233 σ.;  |b σχ., πιν., εικ., χαρτ.;  |c 28 εκ. 
490 1 |a Βιβλιοθήκη της εν Αθήναις Αρχαιολογικής Εταιρείας  |v ; 193 
500 |a Περίληψη στα αγγλικά 
504 |a Περιλαμβάνει βιβλιογραφίες και ευρετήριο 
650 0 0 |a Pottery, Greek  |z Greece  |z Naxos Island. 
650 0 0 |a Vases, Geometric  |z Greece  |z Naxos Island. 
651 0 |a Naxos Island (Greece)  |x Antiquities. 
830 0 |a Βιβλιοθήκη της εν Αθήναις Αρχαιολογικής Εταιρείας ;  |v ; 193 
852 |a INST  |b RHODES  |e 20070912  |h 938.27 ΚΟΥ  |p 005400025902  |q 005400025902  |t BK  |y 0 
901 |a BIBL4-2007-3 
909 |a Ρ  |b 138445 
922 |a 4ΕΛΗ  |b 200708  |c ΕΠΕΑΕΚ2/ΤΜΣ  |d Σ. ΠΑΤΑΚΗΣ 
970 |a ΧΑΡΙΟΠΟΛΙΤΟΥ  |b ΚΩΝΣΤΑΝΤΙΝΑ  |z 2007/09/12